Guess the Game by a Quote - Statistics

General Stats
  • This quiz has been taken 9 times
  • The average score is 3 of 20
Answer Stats
Quote Game % Correct
"Rip and tear... until it is done." DOOM (2016)
83%
"All we had to do was follow the damn train!" Grand Theft Auto: San Andreas
83%
"Gregg rulz ok?" Night in the Woods
50%
"What in the goddamn?" Fallout: New Vegas
17%
"This is the part where I kill you!" Portal 2
17%
"It might be handy if you, the master of unlocking, take it with you." Resident Evil
17%
"You're trying to vandalise... my store... huh! NOT ON MY WAAAAAAATCH!" Dead Rising
0%
"Gimme the GEP Gun." Deus Ex
0%
"Why do I have to go with Bucket?" F.E.A.R. 2
0%
"Brucie, you need to chill!" Grand Theft Auto 4
0%
"Why do we have to wear these ridiculous ties?" Half-Life
0%
"Sometimes... I dream about cheese." Half-Life 2
0%
"Hey! I'm the real hero here! you can call me.... Orange Lightning, ziz-zi-zig!" Jak 3
0%
“I don't know about angels, but it's fear that gives men wings.” Max Payne
0%
"Of course I f***in' fixed him. It was a huge pain in the f***in' wastepan, cause he's some kinda custom jobby. But nothin' I couldn't handle. Some of his memory chips were fried, but after that he should be as good as f***in' new!" Metal Arms: Glitch in the System
0%
"That was some fancy shooting. You're pretty good." Metal Gear Solid 3: Snake Eater
0%
"I farted. It's wet. And I don't wanna move." Redneck Rampage
0%
"Where's everyone going? Bingo?" Resident Evil 4
0%
"Hey! Didn't I kick your ass two rooms back?" Serious Sam: The Second Encounter
0%
"It's so good, we can't go skate right now, look at these tanks! Damn!" Tony Hawk's Underground
0%
No matching quizzes found
Score Distribution
Percent of People with Each Score
Percentile by Number Answered
Your Score History
You have not taken this quiz